000 00428cam a22001097a 4500
008 180718b-- xxu||||| |||| 00| 0 eng d
082 _aT19065x5445 E
245 _aEconomic census, Goa
_cby Directorate of Planning, Statistics and Evaluation, Goa
260 _aPanaji
_bThe author
_c--
500 _aLibrary has 1977, 1977 (basic amenities ...), 1980 (summary), 1998
700 _aGoa. Directorate of Planning, Statistics and Evaluation
999 _c490263
_d490263